000 01038cam a2200289 i 4500
001 bg
003 KOSZ 005
005 20190729103936.0
008 950707s1982 pl a f f |000 0 pol
040 _cKOSZ 005/HR
_aKOSZ 005/HR
_dKOSZ 005/HR
080 _a519.61/.64
080 _a(075.8)
100 1 _aFortuna, Zenon.
245 1 0 _aMetody numeryczne /
_cZenon Fortuna, Bohdan Macukow, Janusz Wąsowski.
260 _aWarszawa :
_bWydawnictwa Naukowo-Techniczne,
_c1982.
300 _as. 369 :
_brys., tab.
490 1 _aPodręczniki Akademickie. Elektronika, Informatyka.
504 _aBibliogr. s. 364-366.
655 4 _aPodręczniki akademickie
650 4 _aAnaliza numeryczna
700 1 _aWąsowski, Janusz
_d(1941- ).
710 2 _aWydawnictwo WNT.
_4pbl.
700 1 _aMacukow, Bohdan
_d(1946- ).
_eAutor
856 _uhttp://koha.tu.koszalin.pl/cgi-bin/koha/opac-detail.pl?biblionumber=21780
_yKatalog online BPK
830 0 _aPodręczniki Akademickie
_pEIT
942 _cKS
_2UKD
999 _c21780
_d21780